Регионална библиотека "Любен Каравелов" - Русе

Летим във Вселената (Запис номер 148661)

MARC детайли
000 -Лидер
Контролно поле с фиксирана дължина 01455nam a2200325 c 4500
003 - Код на организацията, давaща контролен номер
Контролно поле BLK
005 - Дата и час на последна редакция
Контролно поле 20220328173405.0
008 - Елементи от данни с фиксирана дължина
fixed length control field 180410b bul|||||r ||||||| ||bul||
010 ## - Наследен системен номер
LC control number KNG00154886000
040 ## - Източник на каталожния запис
Идентификатор на билиотеката - собственик на записа BLK
041 ## - Код за език
Код за езика на текст/звукозапис или на отделно заглавие Български
Код за езика КДБФ Български
080 ## - УДК
Текстов определител УДК Словашка литература
УДК код - определител по УДК 821.162.4
УДК определител -93-32
УДК - код + определител 821.162.4-93-32
100 1# - Редна дума - Автор
Автор Чайда, Иван
Авторска отговорност първи автор
R(LIN) 140658
139 ## - Редно поле
Редна дума Чайда, Иван
Авторски знак Чаи - Ч 15
245 10 - Сведения за заглавието
Заглавие Летим във Вселената
Подзаглавни данни Науч.-фантаст. разказ : За нач. и средна училищна възраст
Редно поле (дума) Иван Чайда; прев. от словаш. Георги Вълчев; худож. В. Кудаща.
257 ## - Страна на издаване
Страна на създаване/издаване Чехословакия
260 ## - Област на издателските данни
-- София
Име на издателя, разпространителя и проч. Нар. младеж
Година на издаване 1962
Печатница София : ДПК Д. Благоев
300 ## - Физическа характеристика
Страници 16 с.
Илюстрации и др. с ил.
Размери/Мащаб 32 см
380 ## - Жанр
Жанр Детска худож. лит.
500 ## - Общи забележки
Забележка Ориг. загл. Letime vesmirom. - Авт. посочен в библиогр. каре. - 81 000 тир.
653 ## - Ключова дума – ненормативна
Ключова дума детска литература
653 ## - Ключова дума – ненормативна
Ключова дума научно познание
700 1# - Други автори (авторска отговорност)
Лично име Вълчев, Георги
Автороска отговорност (Описва отношението между автора и произведението) прев. от словаш.
9 (RLIN) 380329
700 1# - Други автори (авторска отговорност)
Лично име Кудаща, В.
Автороска отговорност (Описва отношението между автора и произведението) худож.
9 (RLIN) 85121
852 ## - Местоположение
Форматна сигнатура Цб ІІ 19243
856 4# - Електронен адрес и достъп
Електронен формат pdf - файл
Път до файла /url/
856 4# - Електронен адрес и достъп
Електронен формат pdf - файл
Път до файла /url/
942 ## - АРТИКУЛИ
Вид на библиотечния материал Книги
Скрит в OPAC Не
Koha issues (borrowed), all copies 2
944 ## - СЪЗДАВАНЕ И РЕДАКЦИЯ на ЗАПИСА
Създаване/Редакция Създаване
Дата на регистрацията/редакция 21.12.2013
Статус, дата на статуса 21.12.2013 - от С1,Р / 21.12.2013
Служител, извършил регистрацията/редакцията Мирела_Шивачева
944 ## - СЪЗДАВАНЕ И РЕДАКЦИЯ на ЗАПИСА
Създаване/Редакция Редакция
Дата на регистрацията/редакция 21.12.2013
Статус, дата на статуса 21.12.2013 - от С1,Р / 21.12.2013
Служител, извършил регистрацията/редакцията
999 ## - СИСТЕМНИ КОНТРОЛНИ НОМЕРА
Koha biblionumber 148661
Koha biblioitemnumber 148661
Наличности
Код за отписване Код за изгубен артикул Източник на класификационната схема Код за повреда Коз за рестрикции Код за отдаване Артикулен № Име на библиотеката - собственик Име на библиотеката, в която се намира в момента Статус (Текущо местоположение) Дата на вписване в системата Местоположение - отдел Цена в лева Инвентарен номер Систематично азбучна сигнатура Баркод Номер на екземпляра Цена в евро Служебна бележка Служебен тип на артикула
  Не е изгубен Universal Decimal Classification Не е повреден само за читалня ползва се в читалня 247570 Регионална библиотека "Любен Каравелов" Русе Регионална библиотека "Любен Каравелов" Русе Хранилище 1962-01-01 Хранилище 0.79 1833/63 Цб ІІ 19243 900000038271 1 0.40 N: стар фонд Дата: 01.01.1962 Книги
Изтеглен Не е изгубен Universal Decimal Classification Не е повреден без рестрикции заемане за дома 247571 Регионална библиотека "Любен Каравелов" Русе Регионална библиотека "Любен Каравелов" Русе Детски отдел 1962-01-01 Детски отдел 0.79 6408/63 ДХ 820/899/Ч 15 6408/63 2 0.40 N: стар фонд Дата: 01.01.1962 Дата инв: 18.09.2015 Бележки инв: Д2015 Книги
Vip Innovations Ltd, Rousse, Bulgaria 2025